000 00423cam a2200181 4500
001 D12442
008 090401t1966 xxu||||| |||| 00| 0 eng d
035 _a(Sirsi) u3549
041 _aeng
110 _aCollege of Estate Management
_9400
245 _aPrivate control of land use
260 _bCEM
_c1966
350 _a0
520 _aPaper 1; Shelf 114
700 1 _aWest, W. A.
942 _n0
948 _c04/03/1997
999 _c85899
_d85899